000 00464nam a2200181Ia 4500
008 180424s9999 xx 000 0 und d
020 _a134331788
084 _a150 M27
100 _a"Messer, David"
245 0 _aPsychology for Nurses and Health Care Professionals
250 _a\\199500ENGGPSX
260 _aPrentice Hall
260 _b1995
260 _cEnglewood Cliffs
300 _a514p.
500 _aincludes index and biblioraphy
942 _cBK
999 _c67902
_d67902